000 00318nam a22001337a 4500
999 _c54969
_d54969
008 200203b ||||| |||| 00| 0 eng d
041 _aeng
080 _a043.3
082 _a043.3
100 _a0
101 _aBTH
245 _aKujdesi Infermieror tek Anomalitë Kongenitale të Kokës
_cZeqiri,Z
942 _2udc
_cBK